[Event "Novi Sad TS GM/IM Mix 189th"]
[Site "Novi Sad"]
[Date "2024.03.04"]
[Round "7"]
[White "Al Saleh, Mohammad"]
[Black "Campos, Eugenio"]
[Result "1/2-1/2"]
[WhiteElo "1972"]
[BlackElo "2101"]
[PlyCount "49"]
[EventDate "2024.02.29"]
[EventType "swiss"]
[EventRounds "9"]
[EventCountry "SRB"]
[SourceTitle "CB12_2024"]
[SourceDate "2023.10.01"]
[SourceVersion "1"]
[SourceVersionDate "2023.10.01"]
[SourceQuality "1"]

1. e4 c5 2. Nf3 d6 3. d4 cxd4 4. Nxd4 Nf6 5. Nc3 a6 6. Qf3 g6 7. h3 h5 8. Bg5 Bg7 9. 0-0-0 Nbd7 10. Be2 Qa5 11. Qe3 b5 12. e5 Nxe5 13. f4 Nc4 14. Bxc4 bxc4 15. Qf3 Rb8 16. Nc6 Qc7 17. Nxb8 Qxb8 18. Qc6+ Bd7 19. Qxc4 0-0 20. Rhe1 e6 21. Qxa6 d5 22. Qf1 Rc8 23. Qf3 Ne4 24. Rxe4 dxe4 25. Qxe4 1/2-1/2

[Event "Wch Disabilities 5th"]
[Site "Lublin"]
[Date "2023.08.25"]
[Round "7"]
[White "Campos, Eugenio"]
[Black "Falkowski, Dawid"]
[Result "1-0"]
[WhiteElo "2152"]
[BlackElo "1927"]
[PlyCount "75"]
[EventDate "2023.08.19"]
[EventType "swiss"]
[EventRounds "9"]
[EventCountry "POL"]
[SourceTitle "CBM 215 Extra"]
[Source "ChessBase"]
[SourceDate "2023.09.30"]
[SourceVersion "1"]
[SourceVersionDate "2023.09.30"]
[SourceQuality "1"]

1. d4 Nf6 2. c4 c5 3. Nf3 cxd4 4. Nxd4 e5 5. Nb5 Bb4+ 6. Bd2 Bc5 7. e3 a6 8. N5c3 0-0 9. Be2 e4 10. g4 d5 11. g5 Nfd7 12. cxd5 Qxg5 13. Nxe4 Qh4 14. Qc2 Ba7 15. Nbc3 f5 16. Nd6 f4 17. 0-0-0 Nc5 18. Nxc8 Rxc8 19. Kb1 b5 20. Ne4 fxe3 21. Nd6 Rd8 22. Nf5 Qe4 23. Bxe3 Nbd7 24. Rhg1 Qxc2+ 25. Kxc2 g6 26. Ne7+ Kf7 27. Nc6 Rdc8 28. Bg4 a5 29. Kb1 Bb6 30. Rc1 Re8 31. Rg3 Re4 32. Be2 b4 33. Bc4 Ne5 34. Nxe5+ Rxe5 35. d6+ Kf8 36. Rf3+ Rf5 37. Rxf5+ gxf5 38. Rg1 1-0

[Event "Wch Disabilities 5th"]
[Site "Lublin"]
[Date "2023.08.19"]
[Round "1"]
[White "Campos, Eugenio"]
[Black "Kozhabekov, Adilkhan"]
[Result "1-0"]
[WhiteElo "2152"]
[BlackElo "1717"]
[PlyCount "183"]
[EventDate "2023.08.19"]
[EventType "swiss"]
[EventRounds "9"]
[EventCountry "POL"]
[SourceTitle "CBM 215 Extra"]
[Source "ChessBase"]
[SourceDate "2023.09.30"]
[SourceVersion "1"]
[SourceVersionDate "2023.09.30"]
[SourceQuality "1"]

1. d4 Nf6 2. c4 b6 3. Nc3 Bb7 4. d5 g6 5. e4 d6 6. f4 Bg7 7. Bd3 0-0 8. g4 e6 9. g5 Nfd7 10. Nge2 Nc5 11. Bc2 f5 12. gxf6 Qxf6 13. Be3 Nbd7 14. Qd2 exd5 15. cxd5 Ba6 16. h4 Qe7 17. 0-0-0 Bxe2 18. Qxe2 Nf6 19. f5 gxf5 20. exf5 Rae8 21. Rh3 Qf7 22. Rg1 Kh8 23. Qd2 Nfe4 24. Nxe4 Nxe4 25. Qg2 Nc5 26. Bd2 Nd7 27. Kb1 Bf6 28. Rg3 Rg8 29. Bg5 Bd4 30. Rd1 Be5 31. Rh3 Nf6 32. Qd2 Qh5 33. Re3 Nd7 34. Ba4 Rg7 35. Qc2 Rf8 36. Bb5 Nf6 37. Be2 Qf7 38. Bh6 Rfg8 39. Bxg7+ Rxg7 40. Bf3 Rg3 41. Qf2 Qg7 42. Ree1 Rh3 43. Rh1 Qg3 44. Qxg3 Rxg3 45. Rdf1 Bd4 46. Rh2 Nd7 47. Rg2 Rxg2 48. Bxg2 a5 49. Rf4 Be5 50. Rg4 b5 51. Bf3 Bf6 52. Be2 b4 53. h5 h6 54. Bb5 Nc5 55. Kc2 Bg5 56. a3 bxa3 57. bxa3 Kg7 58. Kc3 Kf6 59. Kc4 Kxf5 60. Rg1 Ne4 61. Bc6 Be3 62. Bd7+ Ke5 63. Re1 Kf4 64. Rf1+ Nf2 65. Kb5 Ke5 66. Bc6 Ne4 67. Kxa5 Nc3 68. Ka6 Bc5 69. a4 Nxd5 70. Bxd5 Kxd5 71. Kb7 Bb4 72. Kxc7 Kc4 73. Rf4+ Kc5 74. Rf6 Bd2 75. Rf2 Ba5+ 76. Kd7 d5 77. Rb2 Bb4 78. Rc2+ Kd4 79. Kc6 Kd3 80. Ra2 d4 81. Kb5 Kc3 82. a5 Bxa5 83. Rxa5 d3 84. Kc6 d2 85. Rd5 Kc2 86. Kd6 d1Q 87. Rxd1 Kxd1 88. Ke5 Ke2 89. Kf5 Ke3 90. Kg6 Kf4 91. Kxh6 Kf5 92. Kg7 1-0

[Event "FIDE Disabilities Olym"]
[Site "Belgrade"]
[Date "2023.01.30"]
[Round "?"]
[White "Campos, Eugenio"]
[Black "Kozhabekov, Adilkhan"]
[Result "1-0"]
[WhiteElo "2227"]
[BlackElo "1939"]
[PlyCount "121"]
[EventDate "2023.01.30"]
[EventType "team-swiss"]
[EventRounds "6"]
[EventCountry "SRB"]
[SourceTitle "CBM 212 Extra"]
[Source "ChessBase"]
[SourceDate "2023.03.31"]
[SourceVersion "1"]
[SourceVersionDate "2023.03.31"]
[SourceQuality "1"]
[WhiteTeam "IPCA"]
[BlackTeam "Kazakhstan"]
[BlackTeamCountry "KAZ"]

1. d4 Nf6 2. c4 e6 3. Nf3 d5 4. Nc3 Be7 5. Bg5 0-0 6. e3 h6 7. Bh4 b6 8. Bd3 Bb7 9. 0-0 Nbd7 10. Qe2 Ne4 11. Bxe7 Qxe7 12. cxd5 exd5 13. Ba6 Nxc3 14. bxc3 Bxa6 15. Qxa6 Nf6 16. c4 c5 17. Rfc1 Rfc8 18. Rab1 Qe6 19. dxc5 Rxc5 20. cxd5 Rxc1+ 21. Rxc1 Qxd5 22. h3 Ne4 23. a4 Nc5 24. Qb5 Qa2 25. a5 Nb3 26. Qd5 Nxc1 27. Qxa8+ Kh7 28. axb6 axb6 29. Qc6 Qb1 30. Kh2 Ne2 31. Qc4 Qd1 32. Qxf7 Qd6+ 33. g3 Nc3 34. Nd4 Qf6 35. Qxf6 gxf6 36. Kg2 Kg6 37. Kf1 Kf7 38. Ke1 h5 39. f3 Nd5 40. Kd2 Kg6 41. h4 f5 42. Nxf5 Nc7 43. Nd4 Ne8 44. e4 Nd6 45. Kd3 Nf7 46. f4 Nh6 47. e5 Ng4 48. f5+ Kf7 49. Ke4 Nf2+ 50. Kd5 Nd1 51. Kd6 Nc3 52. Kd7 Ne4 53. e6+ Kg7 54. e7 Nf6+ 55. Kd8 Kf7 56. Nb5 Ne8 57. Nc3 Ng7 58. Ne4 b5 59. Nd6+ Kf6 60. Ne8+ Nxe8 61. Kxe8 1-0

[Event "IPCA Wch 21st"]
[Site "Ashdod"]
[Date "2022.05.15"]
[Round "8"]
[White "Alperovich, Asher"]
[Black "Campos, Eugenio"]
[Result "0-1"]
[WhiteElo "1865"]
[BlackElo "2247"]
[PlyCount "58"]
[EventDate "2022.05.09"]
[EventType "swiss"]
[EventRounds "9"]
[EventCountry "ISR"]
[SourceTitle "CBM 208 Extra"]
[Source "ChessBase"]
[SourceDate "2022.07.31"]
[SourceVersion "1"]
[SourceVersionDate "2022.07.31"]
[SourceQuality "1"]

1. d4 Nf6 2. c4 c5 3. d5 e6 4. Nc3 exd5 5. cxd5 d6 6. e4 g6 7. f4 a6 8. a4 Bg7 9. Nf3 0-0 10. Be2 Bg4 11. 0-0 Re8 12. h3 Bxf3 13. Bxf3 Nbd7 14. Re1 Qc7 15. Be3 c4 16. Kh1 Nc5 17. Bxc5 Qxc5 18. e5 dxe5 19. fxe5 Nd7 20. e6 Ne5 21. exf7+ Nxf7 22. Bg4 Ne5 23. Be6+ Kh8 24. Ne4 Qb6 25. Ng5 Rf8 26. Rxe5 Bxe5 27. Nf7+ Rxf7 28. Bxf7 Rf8 29. Qe2 Qxb2 0-1

[Event "IPCA Wch 21st"]
[Site "Ashdod"]
[Date "2022.05.10"]
[Round "3"]
[White "Campos, Eugenio"]
[Black "Mikheev, Stanislav Valerievi"]
[Result "0-1"]
[WhiteElo "2247"]
[BlackElo "2333"]
[PlyCount "124"]
[EventDate "2022.05.09"]
[EventType "swiss"]
[EventRounds "9"]
[EventCountry "ISR"]
[SourceTitle "CBM 208 Extra"]
[Source "ChessBase"]
[SourceDate "2022.07.31"]
[SourceVersion "1"]
[SourceVersionDate "2022.07.31"]
[SourceQuality "1"]

1. e4 e6 2. d4 d5 3. e5 c5 4. c3 Nc6 5. Nf3 Qb6 6. a3 Nh6 7. b4 cxd4 8. cxd4 Nf5 9. Bb2 Bd7 10. g4 Nh6 11. h3 Rc8 12. Nc3 Na5 13. Na4 Qc6 14. Rc1 Nc4 15. Bxc4 dxc4 16. Nc3 Be7 17. 0-0 0-0 18. d5 exd5 19. Nd4 Qg6 20. Nxd5 Rfe8 21. Rc3 Qe4 22. Nxe7+ Rxe7 23. Re1 Qg6 24. Qf3 b5 25. Rce3 Bxg4 26. hxg4 Nxg4 27. Qf5 Nxe3+ 28. Qxg6 hxg6 29. Rxe3 a6 30. f4 Rd7 31. Kf2 Rcd8 32. Re4 f5 33. exf6 gxf6 34. Ke3 Kf7 35. f5 gxf5 36. Rh4 Kg6 37. Kf3 Rh7 38. Rxh7 Kxh7 39. Kf4 Kg6 40. Bc3 Rd5 41. Kf3 Re5 42. Ne2 Re8 43. Nf4+ Kf7 44. Nd5 Rd8 45. Nf4 Rd1 46. Ke2 Rh1 47. Ke3 Rh2 48. Bd2 Ke7 49. Nd5+ Kd6 50. Nf4 Kc6 51. Bc3 Ra2 52. Kd4 Rxa3 53. Nd5 Kd6 54. Nxf6 f4 55. Ne4+ Ke6 56. Nd2 Kf5 57. Nb1 Ra2 58. Nd2 Rc2 59. Ne4 Re2 60. Nd6+ Kg4 61. Kc5 f3 62. Bd4 f2 0-1

[Event "Vitoria op 1st"]
[Site "Vitoria"]
[Date "2006.09.09"]
[Round "6"]
[White "Ferreira, Thiago Alessandro"]
[Black "Campos, Eugenio"]
[Result "1/2-1/2"]
[WhiteElo "1926"]
[BlackElo "2259"]
[PlyCount "47"]
[EventDate "2006.09.07"]
[EventType "swiss"]
[EventRounds "7"]
[EventCountry "BRA"]
[SourceTitle "CBM 114 Extra"]
[Source "ChessBase"]
[SourceDate "2006.11.03"]
[SourceVersion "1"]
[SourceVersionDate "2006.11.03"]
[SourceQuality "1"]

1. e4 e5 2. Nf3 Nc6 3. Bc4 Bc5 4. a3 d6 5. h3 Nf6 6. Nc3 0-0 7. 0-0 Be6 8. Bxe6 fxe6 9. d3 Qe7 10. Bg5 h6 11. Bxf6 Qxf6 12. Na4 Bb6 13. Nxb6 axb6 14. Nh2 Ne7 15. Ng4 Qg5 16. Qc1 Qxc1 17. Raxc1 Ng6 18. g3 Rf7 19. Rce1 Raf8 20. Ne3 Ne7 21. Kg2 g5 22. Rd1 Ng6 23. b3 Kg7 24. a4 1/2-1/2

[Event "Olympiad-37"]
[Site "Turin"]
[Date "2006.05.30"]
[Round "9"]
[White "Weeramantry, Sunil"]
[Black "Campos, Eugenio"]
[Result "0-1"]
[WhiteElo "2207"]
[BlackElo "2263"]
[PlyCount "58"]
[EventDate "2006.05.21"]
[EventType "team-swiss"]
[EventRounds "13"]
[EventCountry "ITA"]
[SourceTitle "CBM 113"]
[Source "ChessBase"]
[SourceDate "2006.07.31"]
[SourceVersion "1"]
[SourceVersionDate "2006.07.31"]
[SourceQuality "1"]
[WhiteTeam "Sri Lanka"]
[BlackTeam "Angola"]
[WhiteTeamCountry "SRI"]
[BlackTeamCountry "ANG"]

1. e4 c5 2. Nc3 a6 3. f4 b5 4. Nf3 Bb7 5. d4 cxd4 6. Qxd4 Nc6 7. Qf2 d6 8. Be3 Nf6 9. h3 Nd7 10. Bd3 g6 11. 0-0 Bg7 12. f5 Nce5 13. Nxe5 Nxe5 14. a4 b4 15. Ne2 0-0 16. Nd4 d5 17. exd5 Nxd3 18. cxd3 Qxd5 19. Rad1 Rad8 20. Nc2 b3 21. Na3 gxf5 22. d4 f4 23. Bxf4 Bxd4 24. Rxd4 Qxd4 25. Be3 Qg7 26. Nc4 Rd3 27. Qe2 Rc8 28. Rf2 Be4 29. Ne5 Rxe3 0-1

[Event "Olympiad-36"]
[Site "Mallorca"]
[Date "2004.10.24"]
[Round "9"]
[White "Sirias Martinez, Danilo"]
[Black "Campos, Eugenio"]
[Result "1-0"]
[WhiteElo "2285"]
[BlackElo "2265"]
[PlyCount "109"]
[EventDate "2004.10.15"]
[EventType "team-swiss"]
[EventRounds "14"]
[EventCountry "ESP"]
[SourceTitle "CBM 104"]
[Source "ChessBase"]
[SourceDate "2005.01.27"]
[SourceVersion "1"]
[SourceVersionDate "2005.01.27"]
[SourceQuality "1"]
[WhiteTeam "Nicaragua"]
[BlackTeam "Angola"]
[WhiteTeamCountry "NCA"]
[BlackTeamCountry "ANG"]

1. e4 c5 2. Nc3 Nc6 3. Bb5 Nd4 4. Nf3 Nxb5 5. Nxb5 a6 6. Nc3 d6 7. d4 cxd4 8. Qxd4 e6 9. Bg5 f6 10. Be3 Ne7 11. 0-0-0 Nc6 12. Qb6 Be7 13. Bc5 Qxb6 14. Bxb6 Nd8 15. Nd2 Bd7 16. Nc4 Nf7 17. Bc7 b5 18. Nxd6+ Nxd6 19. Bxd6 b4 20. Ne2 Bb5 21. Rhe1 Bxd6 22. Rxd6 Ke7 23. Rb6 Rhb8 24. Rxb8 Rxb8 25. Nd4 Bd7 26. Re3 Rc8 27. Kd2 Rc5 28. a3 e5 29. Nb3 Rb5 30. axb4 Rxb4 31. Kc3 Ra4 32. Nc5 Ra1 33. Nxd7 Kxd7 34. Rh3 Rg1 35. Rg3 g6 36. Kb4 Rb1 37. b3 Rb2 38. Rd3+ Ke6 39. Rd2 f5 40. f3 Ra2 41. Kc5 fxe4 42. fxe4 a5 43. Kb5 h5 44. h4 Ra3 45. Kc5 Ra2 46. Kb5 Ra3 47. Rd5 Ra2 48. Rc5 Kf6 49. Rc6+ Kf7 50. g3 Kg7 51. c3 Kf7 52. Ra6 Rf2 53. Rxa5 Rf3 54. Kc4 Rxg3 55. Rxe5 1-0

[Event "Olympiad-36"]
[Site "Mallorca"]
[Date "2004.10.23"]
[Round "8"]
[White "Gajadin, Dewperkash"]
[Black "Campos, Eugenio"]
[Result "0-1"]
[WhiteElo "2207"]
[BlackElo "2265"]
[PlyCount "90"]
[EventDate "2004.10.15"]
[EventType "team-swiss"]
[EventRounds "14"]
[EventCountry "ESP"]
[SourceTitle "CBM 104"]
[Source "ChessBase"]
[SourceDate "2005.01.27"]
[SourceVersion "1"]
[SourceVersionDate "2005.01.27"]
[SourceQuality "1"]
[WhiteTeam "Surinam"]
[BlackTeam "Angola"]
[WhiteTeamCountry "SUR"]
[BlackTeamCountry "ANG"]

1. e4 c5 2. Nf3 Nc6 3. d4 cxd4 4. Nxd4 Nf6 5. Nc3 Qb6 6. Nb3 e6 7. Be3 Qc7 8. a3 a6 9. f3 b5 10. Be2 Bb7 11. Qd2 Be7 12. Nc5 Bc8 13. 0-0 Ne5 14. b4 d6 15. Nb3 Bd7 16. Rac1 Rc8 17. Nd1 Nc4 18. Bxc4 bxc4 19. Nd4 d5 20. e5 c3 21. Qd3 Qxe5 22. Nxc3 0-0 23. Nce2 Qd6 24. Rfd1 Ba4 25. Nc3 Bd7 26. Nce2 Ba4 27. Nc3 Be8 28. Nce2 Nd7 29. f4 a5 30. c3 Nb6 31. Nb5 Bxb5 32. Qxb5 Nc4 33. Bc5 Qc7 34. Bxe7 Qxe7 35. Nd4 Qa7 36. Kh1 Rc7 37. Re1 a4 38. Nxe6 fxe6 39. Rxe6 Qb7 40. Qxa4 Rcf7 41. g3 d4+ 42. Qc6 d3 43. Qxb7 Rxb7 44. Rd1 d2 45. Rc6 Re8 0-1

[Event "Africa-ch"]
[Site "Abuja"]
[Date "2003.10.17"]
[Round "9"]
[White "Adly, Ahmed"]
[Black "Campos, Eugenio"]
[Result "1-0"]
[WhiteElo "2448"]
[BlackElo "2249"]
[PlyCount "63"]
[EventDate "2003.10.10"]
[EventType "swiss"]
[EventRounds "9"]
[EventCountry "NGR"]
[SourceTitle "CBM 096 Extra"]
[Source "ChessBase"]
[SourceDate "2003.10.22"]
[SourceVersion "2"]
[SourceVersionDate "2003.10.20"]
[SourceQuality "1"]

1. d4 Nf6 2. c4 e6 3. Nc3 d5 4. Nf3 c6 5. e3 Nbd7 6. Qc2 Bd6 7. g4 Nxg4 8. Rg1 h5 9. h3 Nh6 10. e4 dxe4 11. Nxe4 Bb4+ 12. Bd2 Bxd2+ 13. Qxd2 Nf6 14. Bd3 Nf5 15. Qf4 Nxe4 16. Bxe4 Qd6 17. Qd2 Kf8 18. 0-0-0 f6 19. Rg6 Bd7 20. Rdg1 Qe7 21. Bxf5 exf5 22. Rxg7 Qxg7 23. Rxg7 Kxg7 24. Qb4 Rhd8 25. Qe7+ Kg8 26. Qxf6 Be8 27. Nh4 Rd7 28. Nxf5 Rad8 29. Kd2 Kh7 30. Qh6+ Kg8 31. Ke3 Rc7 32. Qg5+ 1-0

[Event "Africa-ch"]
[Site "Abuja"]
[Date "2003.10.14"]
[Round "6"]
[White "Aikhoje, Odion"]
[Black "Campos, Eugenio"]
[Result "0-1"]
[WhiteElo "2278"]
[BlackElo "2249"]
[PlyCount "136"]
[EventDate "2003.10.10"]
[EventType "swiss"]
[EventRounds "9"]
[EventCountry "NGR"]
[SourceTitle "CBM 096 Extra"]
[Source "ChessBase"]
[SourceDate "2003.10.22"]
[SourceVersion "2"]
[SourceVersionDate "2003.10.20"]
[SourceQuality "1"]

1. Nf3 c5 2. c3 Nf6 3. d4 e6 4. Bg5 d5 5. Nbd2 Nbd7 6. e3 Be7 7. Bd3 h6 8. Bf4 a6 9. Ne5 Nxe5 10. dxe5 Nd7 11. Qh5 Qb6 12. Rb1 Nf8 13. h4 g6 14. Qg4 Bd7 15. h5 g5 16. Bg3 0-0-0 17. 0-0 Nh7 18. Bxh7 Rxh7 19. c4 Bc6 20. cxd5 Bxd5 21. Nc4 Qc6 22. f3 Kb8 23. b3 Rhh8 24. Rfc1 Bxc4 25. Rxc4 Rd2 26. a4 Rhd8 27. Be1 Rd1 28. Rcc1 Rxc1 29. Rxc1 Rd3 30. Qc4 Qd5 31. Qxd5 exd5 32. Rc3 Rd1 33. Kf2 c4 34. bxc4 Bb4 35. cxd5 Rxe1 36. Rc4 Rb1 37. d6 Ba5 38. f4 Rb4 39. Rc5 Bb6 40. d7 Rxf4+ 41. Ke2 Re4 42. Rc8+ Ka7 43. d8Q Bxd8 44. Rxd8 Rxe5 45. Rd7 f5 46. Rd6 f4 47. Rxh6 Rxe3+ 48. Kf2 g4 49. Rf6 g3+ 50. Kf1 Re4 51. h6 Rxa4 52. h7 Ra1+ 53. Ke2 Rh1 54. Rf7 a5 55. Kd3 Ka6 56. Kc4 f3 57. Rxf3 Rxh7 58. Rxg3 Rh4+ 59. Kb3 a4+ 60. Ka3 Re4 61. Rg8 Ka5 62. g4 Re3+ 63. Kb2 Kb4 64. g5 Re2+ 65. Kc1 a3 66. g6 a2 67. Ra8 Kb3 68. g7 Rg2 0-1

[Event "Africa-ch"]
[Site "Abuja"]
[Date "2003.10.13"]
[Round "5"]
[White "Van den Heever, Donovan"]
[Black "Campos, Eugenio"]
[Result "0-1"]
[WhiteElo "2035"]
[BlackElo "2249"]
[PlyCount "81"]
[EventDate "2003.10.10"]
[EventType "swiss"]
[EventRounds "9"]
[EventCountry "NGR"]
[SourceTitle "CBM 096 Extra"]
[Source "ChessBase"]
[SourceDate "2003.10.22"]
[SourceVersion "2"]
[SourceVersionDate "2003.10.20"]
[SourceQuality "1"]

1. e4 c5 2. Nf3 d6 3. c3 Nf6 4. Be2 Nc6 5. d4 cxd4 6. cxd4 g6 7. Nc3 Bg7 8. 0-0 0-0 9. h3 a6 10. Bg5 h6 11. Be3 d5 12. e5 Ne4 13. Rc1 Be6 14. Na4 Rc8 15. Nd2 Rc7 16. Bd3 Nxd2 17. Qxd2 Bc8 18. Rc2 Kh7 19. Rfc1 f5 20. exf6 exf6 21. Nb6 f5 22. Rc5 f4 23. Bxf4 Rcf7 24. Nxd5 Be6 25. Bc7 Qh4 26. Bg3 Qxd4 27. Qe3 Qxe3 28. Nxe3 Bxb2 29. Rxc6 bxc6 30. Rxc6 Re8 31. Rxa6 Bd4 32. Nc2 Bc5 33. Rc6 Ba7 34. h4 Bf5 35. Bxf5 gxf5 36. Bf4 Re2 37. Rxh6+ Kg7 38. Ne3 Bb8 39. Bxb8 Kxh6 40. Bf4+ Kh7 41. g3 0-1